000 00766cam a2200253 4500
005 20250217035958.0
008 700518s1969 ilub b 001 0 eng
010 _a 79092684
020 _a0226435245
040 _aDLC
_cDLC
_dDLC
_bpol
043 _ae-pl---
_ae-ur-un
050 0 0 _aHD728
_b.K47
082 0 0 _a333.3/2/0943
100 1 _aKieniewicz, Stefan.
_96097
245 1 4 _aThe emancipation of the Polish peasantry.
260 _aChicago,
_bUniversity of Chicago Press
_c[1969]
300 _axix, 285 p.
_bmap.
_c23 cm.
650 0 _aLand tenure
_zPoland.
_911228
650 0 _aLand tenure
_zGalicia (Poland and Ukraine)
650 0 _aLand tenure
_zSilesia.
650 0 _aLand tenure
_zPomeronia.
504 _aBibliography: p. 263-272.
942 _2z
_cBK
999 _c85634
_d85634